100 Greatest Stories for Young Children (Record no. 213657)

MARC details
000 -LEADER
fixed length control field 00601nam a22001817a 4500
005 - DATE AND TIME OF LATEST TRANSACTION
control field 20251022111452.0
010 ## - LCCN (DPL NO)
LC control number ENG-144613
020 ## - INTERNATIONAL STANDARD BOOK NUMBER
Terms of availability 599.00
International Standard Book Number 9789357315241
035 ## - SYSTEM CONTROL NUMBER
System control number EN-128145
037 ## - SOURCE OF ACQUISITION
Source of stock number/acquisition DBAD
082 ## - DEWEY DECIMAL CLASSIFICATION NUMBER
Classification number S
Edition number 1
245 ## - TITLE STATEMENT
Title 100 Greatest Stories for Young Children
250 ## - EDITION STATEMENT
Edition statement 1
260 ## - PUBLICATION, DISTRIBUTION, ETC. (IMPRINT)
Place of publication, distribution, etc Gurugram
Name of publisher, distributor, etc Hachette Book Publishing India Pvt.Ltd
Date of publication, distribution, etc 2022
270 ## - ADDRESS
City Gurugram
Address Hachette Book Publishing India Pvt.Ltd 4th&5th Floors, Corporate Centre Plot No.94, Sector44, Gurugram India
Postal code 122003
Electronic mail address www.hachetteindia.com
300 ## - PHYSICAL DESCRIPTION
Extent 550p.
Dimensions 20cm (pb)
942 ## - ADDED ENTRY ELEMENTS (KOHA)
Source of classification or shelving scheme Dewey Decimal Classification
Item type English Books
Classification part S
Call number suffix GRE
Edition 1
Holdings
Withdrawn status Lost status Not for loan Collection code Home library Current library Date acquired Source of acquisition Cost, normal purchase price Full call number Barcode Copy number Cost, replacement price Koha item type
      Fiction Sarojini Nagar Sarojini Nagar 22/10/2025 Delivery of Books Act Division 599.00 S GRE EN-128145 1 599.00 English Books

© Delhi Public Library
Hit Counter
free hit counter